|
|
|
|
| LEADER |
00728nam a2200277 4500 |
| 001 |
DLU070060714 |
| 005 |
##20070907 |
| 040 |
# |
# |
|a DLU
|b vie
|
| 041 |
# |
# |
|a vie
|
| 044 |
# |
# |
|a vn
|
| 082 |
# |
# |
|a 809
|b Ved
|
| 245 |
# |
# |
|a 101 vẻ đẹp văn chương Việt Nam & thế giới :
|b Tác giả và tác phẩm /
|c Vũ Anh Tuấn chủ biên
|
| 260 |
# |
# |
|a H. :
|b Văn hoá - Thông tin,
|c 2006.
|
| 300 |
# |
# |
|a 622 tr. ;
|c 19 cm.
|
| 653 |
# |
# |
|a Nghiên cứu văn học.
|
| 700 |
# |
# |
|a Vũ Anh Tuấn,
|e chủ biên
|
| 923 |
# |
# |
|a 17/2007
|
| 992 |
# |
# |
|a 69000
|
| 994 |
# |
# |
|a DLU
|
| 900 |
# |
# |
|a True
|
| 911 |
# |
# |
|a Đào Thị Thu Huyền
|
| 925 |
# |
# |
|a G
|
| 926 |
# |
# |
|a A
|
| 927 |
# |
# |
|a SH
|
| 980 |
# |
# |
|a Thư viện Trường Đại học Đà Lạt
|